stray kids discography quiz - Statistics

General Stats
  • This quiz has been taken 310 times
  • The average score is 138 of 225
Answer Stats
Answers % Correct
n/s
99%
n/s
98%
case 143
91%
case 143 (japanese ver.)
91%
circus
90%
circus (korean ver.)
90%
miroh
90%
maniac
89%
maniac (japanese ver.)
89%
social path (ft. LiSA)
88%
social path (ft. LiSA) (instrumental)
88%
social path (ft. LiSA) (korean ver.)
88%
thunderous
88%
thunderous (japanese ver.)
87%
who?
87%
christmas evel
86%
levanter
86%
red lights (bang chan, hyunjin)
86%
chk chk boom
85%
chk chk boom (remix ver.)
85%
god's menu
85%
god's menu (japanese ver.)
85%
LALALALA
85%
LALALALA (rock ver.)
85%
s-class
85%
all in
84%
hellevator
84%
i am you
84%
ta
83%
you.
83%
the sound
82%
cheese
81%
scars
81%
scars (korean ver.)
81%
back door
80%
back door (japanese ver.)
79%
top
79%
top (japanese ver.)
79%
lose my breath
78%
venom
77%
venom (japanese ver.)
77%
domino
76%
domino (english ver.)
76%
taste (lee know, hyunjin, felix)
76%
the sound (korean ver.)
76%
mountains
75%
3racha (bang chan, changbin, han)
74%
cover me
74%
district 9
74%
megaverse
74%
run (han)
74%
i like it
73%
stray kids
73%
freeze
72%
jjam
72%
charmer
71%
topline
71%
comflex
70%
easy
70%
hall of fame
70%
muddy water (changbin, hyunjin, han, felix)
70%
my pace (japanese ver.)
70%
runners
70%
surfin' (lee know, changbin, felix)
70%
twilight
70%
24 to 25
69%
my pace
69%
side effects
68%
super bowl
68%
super bowl (japanese ver.)
68%
mixtape #1
67%
leave
66%
mixtape #2
66%
mixtape #3
66%
mixtape #4
66%
mixtape: oh
66%
not!
66%
secret secret
66%
dlc
65%
fnf
65%
item
65%
silent cry
65%
silent cry (japanese ver.)
65%
winter falls
65%
wolfgang
65%
go live
64%
ssick
64%
the tortoise and the hare
64%
ice.cream (hyunjin)
63%
super board
63%
beware (grrr 총량의 법칙)
62%
double knot
62%
fam
62%
fam (korean ver.)
62%
lonely st.
62%
sorry, i love you
62%
chill
61%
chill (japanese ver.)
61%
deep end (felix)
61%
blind spot
60%
collision
60%
connected (bang chan)
60%
get lit
60%
give me your tmi
60%
maknae on top (i.n feat. bang chan, changbin)
60%
youtiful
60%
astronaut
59%
drive (bang chan, lee know)
59%
ex
59%
mixtape: time out
59%
spread my wings
59%
star lost
59%
yayaya
59%
get cool
58%
limbo (lee know)
58%
mirror
58%
school life
58%
the view
58%
waiting for us (bang chan, lee know, seungmin, i.n)
58%
4419
57%
boxer
57%
#lovestay
57%
0325
56%
19
56%
alien (han)
56%
chronosaurus
56%
wow (lee know, hyunjin, felix)
56%
airplane
55%
any
55%
blueprint
55%
doodle (changbin)
55%
gone away (han, seungmin, i.n)
55%
hug me (i.n)
55%
victory song
55%
can't stop (seungmin, i.n)
54%
slump
54%
slump (japanese ver.)
54%
rock
53%
voices
53%
b me
52%
insomnia
52%
maze of memories
52%
phobia
52%
question
52%
3rd eye
51%
booster
51%
butterflies
51%
dlmlu
51%
haven
51%
m.i.a.
51%
sunshine
51%
mixtape: gone days
50%
stars and raindrops (seungmin)
50%
awkward silence
49%
butterflies (instrumental)
49%
awaken
48%
going dumb
48%
like magic
48%
love untold (hyunjin)
48%
tmt
48%
glow
47%
grow up
47%
happy (han)
46%
my universe (seungmin, i.n)
46%
streetlight (changbin feat. bang chan)
46%
all my life
45%
hoodie season
45%
we go (bang chan, changbin, han)
45%
stop
44%
there
44%
up all night (bang chan, changbin, felix, seungmin)
44%
you can stay
44%
another day
43%
i hate to admit (bang chan)
43%
pacemaker
43%
battle ground
42%
because (changbin, felix)
42%
entrance
42%
i got it (han)
42%
road not taken
42%
why?
42%
hero's soup
41%
mixtape: on track
41%
placebo
41%
your eyes
41%
zone (bang chan, changbin, han)
41%
broken compass
40%
novel
40%
miss you (hyunjin)
39%
call
37%
mixtape #5
37%
piece of a puzzle (changbin, seungmin)
37%
hello stranger
36%
my side
36%
behind the light
35%
close (han)
35%
wish you back (han)
35%
for you
34%
one day
34%
lost me
32%
neverending story
32%
party's not over
22%
fairytail
15%
No matching quizzes found
Score Distribution
Percent of People with Each Score
Percentile by Number Answered
Your Score History
You have not taken this quiz